000 00905aam a2200337 4500
005 20250617084647.0
008 150408b2006 xxu||||| |||| 00| 0 spa d
020 _a9506793931X
041 _aESP
082 _a614.1 R138t
100 _aRaffo, Osvaldo H.
_914290
245 _aTanatología: investigación de homicidios
260 _aArgentina
260 _bUniversidad
260 _c2006
300 _a400 páginas
490 _aInvestigación Criminal
650 _aMEDICINA LEGAL
650 _aINVESTIGACION CRIMINAL
650 _aTOXICOLOGÍA FORENSE
650 _aMEDICINA FORENSE
650 _aMÉDICO FORENSE
650 _aDESCUARTIZAMIENTO CRIMINAL
650 _aEXUMACIONES JURÍDICAS
650 _aBALÍSTICA FORENSE
650 _aARMAS DE FUEGO
650 _aMUERTES POR COCAÍNA
650 _aMALTRATO INFANTIL
650 _aVIOLACIÓN SEXUAL
942 _cBK
_2ddc
999 _c4371
_d4371